ბათუმის შოთა რუსთაველის სახელმწიფო უნივერსიტეტის ბიბლიოთეკა

შორეთს იქითა შორეთი (ბიბ.ჩანაწერი № 49954)

000 -LEADER
fixed length control field 00698nam a2200217Ia 4500
001 - CONTROL NUMBER
control field 16890
003 - CONTROL NUMBER IDENTIFIER
control field GE_BSU
008 - FIXED-LENGTH DATA ELEMENTS--GENERAL INFORMATION
fixed length control field 181216s||||||||xx |||||||||||||| ||und||
040 ## - CATALOGING SOURCE
Transcribing agency GE_BSU
080 ## - UNIVERSAL DECIMAL CLASSIFICATION NUMBER
Universal Decimal Classification number 821.161.1-2
100 ## - MAIN ENTRY--PERSONAL NAME
Personal name ტვარდოვსკი, ალექსანდრე
245 ## - TITLE STATEMENT
Title შორეთს იქითა შორეთი
245 ## - TITLE STATEMENT
Remainder of title პიესები
245 ## - TITLE STATEMENT
Statement of responsibility, etc. თარგმნა ოთ. ჭელიძემ
260 ## - PUBLICATION, DISTRIBUTION, ETC.
Place of publication, distribution, etc. თბილისი
260 ## - PUBLICATION, DISTRIBUTION, ETC.
Name of publisher, distributor, etc. საბჭ. საქართველო
260 ## - PUBLICATION, DISTRIBUTION, ETC.
Date of publication, distribution, etc. 1967
300 ## - PHYSICAL DESCRIPTION
Extent 394გვ. ; 17სმ
653 ## - INDEX TERM--UNCONTROLLED
Uncontrolled term შორეთს იქითა შორეთი
942 ## - ADDED ENTRY ELEMENTS (KOHA)
Koha item type წიგნი
ეგზემპლარები
Withdrawn status Lost status Damaged status Not for loan Date acquired Barcode Date last seen Price effective from Koha item type
        2018-12-17 21929 2018-12-17 2018-12-17 წიგნი